Online Catalogue and eLibrary

Gramsci and contemporary politics : (Record no. 451)

MARC details
000 -LEADER
fixed length control field 00609cam a22001934a 4500
001 - CONTROL NUMBER
control field 1214548
005 - DATE AND TIME OF LATEST TRANSACTION
control field 20240221040824.0
008 - FIXED-LENGTH DATA ELEMENTS--GENERAL INFORMATION
fixed length control field 990623s2000 enk b 001 0 eng
020 ## - INTERNATIONAL STANDARD BOOK NUMBER
ISBN 0415162149
040 ## - CATALOGING SOURCE (பட்டியலாக்க மூலம்)
Original cataloging agency DLC
Transcribing agency DLC
Modifying agency DLC
082 00 - DDC Classification
Class No. 320.53
DDC Edition Number 21
Item Number - Author Mark GRA.
100 1# - MAIN ENTRY--PERSONAL NAME
Personal name Sassoon, Anne Showstack.
245 10 - TITLE STATEMENT
Title Gramsci and contemporary politics :
Remainder of title beyond pessimism of the intellect /
Statement of responsibility, etc. Anne Showstack Sassoon.
260 ## - PUBLICATION, DISTRIBUTION, ETC.
Place of publication, distribution, etc. London ;
-- New York :
Name of publisher, distributor, etc. Routledge,
Date of publication, distribution, etc. 2000.
300 ## - PHYSICAL DESCRIPTION
Extent (e.g. Volumes, Pages etc.) 173 p. ;
650 #0 - SUBJECT ADDED ENTRY--TOPICAL TERM
Topical term or geographic name entry element Political science
856 42 - ELECTRONIC LOCATION AND ACCESS
Uniform Resource Identifier <a href="http://www.loc.gov/catdir/enhancements/fy0916/99037055-d.html">http://www.loc.gov/catdir/enhancements/fy0916/99037055-d.html</a>
942 ## - Koha item type (Biblio)
Koha item type Books in Stacks (Lending)
Holdings
Lost status Damaged status Collection code Home library Current library Date acquired Full call number Accession Number Item type
    Lending WERC Library WERC Library 02/21/2024 320.53 GRA. 4254 Books in Stacks (Lending)

© WERC Library